|
|
|
|
| LEADER |
01116nam a2200277 a 4500 |
| 001 |
16118221 |
| 008 |
130312s2010 dcuab b i001 0 eng d |
| 010 |
|
|
|a 2010008390
|
| 020 |
|
|
|a 9780821383803
|
| 020 |
|
|
|a 0821383809
|
| 020 |
|
|
|a 9780821383834 (electronic)
|
| 020 |
|
|
|a 0821383833 (electronic)
|
| 040 |
|
|
|a DLC
|c DLC
|d YDX
|d CDX
|d YDXCP
|d BWX
|d DLC
|d BD-DhAAL
|
| 082 |
0 |
0 |
|a 320.6096
|2 22
|
| 245 |
0 |
0 |
|a Demanding good governance :
|b lessons from social accountability initiatives in Africa /
|c Mary McNeil and Carmen Malena, editors.
|
| 260 |
|
|
|a Washington, D.C. :
|b World Bank,
|c c2010.
|
| 300 |
|
|
|a xxv, 236 p. :
|b ill., map ;
|c 23 cm.
|
| 504 |
|
|
|a Includes bibliographical references and index.
|
| 541 |
1 |
|
|e 00026576
|
| 650 |
|
0 |
|a Social accounting
|z Africa
|v Case studies.
|
| 700 |
1 |
|
|a McNeil, Mary,
|d 1956-
|
| 700 |
1 |
|
|a Malena, Carmen.
|
| 710 |
2 |
|
|a World Bank.
|
| 852 |
1 |
|
|a Ayesha Abed Library
|j General Shelf.
|
| 999 |
|
|
|c 13225
|d 13225
|
| 952 |
|
|
|0 0
|1 0
|2 ddc
|4 0
|6 320_609600000000000_DEM
|7 0
|9 22017
|a IGS
|b IGS
|c GEN
|d 2013-03-12
|e Karim International
|g 1066.00
|l 0
|o 320.6096 DEM
|p 3010026576
|r 2013-03-12
|t 1
|w 2013-03-12
|y BK
|